000 00804nam a2200229Ii 4500
003 JO-AjNU
008 230605s9999||||xx |||||||||||||| ||und||
017 _a2008/10/3443
020 _a978-9957-02-342-3
040 _aJO-AjNU
_bara
_erda
_cJO-AjNU
041 _aara
050 1 4 _aP93.5.M88 2008
100 3 _aأبو إصبع,صالح تأليف/عبيد الله ,محمد م.مشارك/وأخرون,
_eauthor
_933566
245 0 0 _aثقافة الصورة: في الاعلام والاتصال
250 _aط1
264 3 1 _aعمان:دار مجدلاوي,2008
300 _a336ص
336 _atext
_btxt
_2rdacontent
337 _aunmediated
_bn
_2rdamedia
338 _avolume
_bnc
_2rdacarrier
650 4 _aالاتصال-وسائل الاتصال الجماهيرية -الفنون
_933567
999 _aA13676
_c17244
_d17244